Państwa z największą liczbą osób bezdomnych - Statystyki

Ogólne statystyki
  • Ten quiz został rozwiązany 231 razy
  • Średni wynik to 30 z 50
Statystyki odpowiedzi
Liczba Kraj % Poprawnych
580,466 Stany Zjednoczone
95%
2,579,000 Chiny
94%
64,000 Rosja
93%
1,770,000 Indie
89%
222,000 Brazylia
86%
300,000 Francja
83%
456,000 Meksyk
81%
678,000 Niemcy
80%
24,400,000 Nigeria
80%
200,000 Republika Południowej Afryki
80%
12,000,000 Egipt
79%
734,240 Ukraina
75%
70,000 Turcja
73%
5,332,000 Demokratyczna Republika Konga
72%
381,400 Wielka Brytania
71%
3,000,000 Indonezja
70%
2,693,000 Etiopia
69%
4,943,000 Kolumbia
67%
20,000,000 Pakistan
66%
50,724 Włochy
66%
1,224,000 Irak
65%
2,730,000 Sudan
65%
394,000 Kenia
62%
5,000,000 Bangladesz
60%
2,968,000 Somalia
60%
4,664,000 Afganistan
59%
162,000 Wietnam
58%
700,000 Peru
57%
116,427 Australia
56%
6,568,000 Syria
56%
278,000 Libia
55%
342,680 Czad
53%
4,500,000 Filipiny
53%
500,000 Uganda
51%
332,700 Mali
48%
100,000 Ghana
47%
3,858,000 Jemen
47%
1,542,000 Sudan Południowy
47%
1,200,000 Zimbabwe
47%
1,033,000 Kamerun
44%
509,600 Mjanma
43%
769,000 Mozambik
43%
308,070 Wybrzeże Kości Słoniowej
39%
686,200 Republika Środkowoafrykańska
37%
1,000,000 Honduras
30%
100,000 Togo
28%
475,000 Gwatemala
23%
304,010 Gruzja
21%
735,000 Azerbejdżan
20%
700,000 Burkina Faso
19%
Nie znaleziono quizów pasujących do podanych kryteriów
Rozkład punktacji
Procent ludzi z każdym wynikiem
Percentyl według liczby udzielonych odpowiedzi
Twoja historia wyników
Nie rozwiązałeś tego quizu